000 01180nam a22003497a 4500
003 CHAP
005 20220329135400.0
008 971013s1982 r 00010 d
010 _a35425
011 _a36397
035 _a40516
040 _cCHAP
090 _aTesis
100 0 0 _aPadilla Sánchez, Javier.
_984669
245 _aHistoquímica del oviducto de la cerda en el ciclo estrual
260 _aMéxico, D.F. :
_bEl autor,
_c1982
300 _a30 h.
_b: ilus.
502 _aTesis (Médico Veterinario Zootecnista) -- UNAM. Facultad de Medicina Veterinaria y Zootecnia
590 _aALEPH
_b10
_c20130110
_lUCH01
_h1301
590 _aBATCH-UPD
_b10
_c20130110
_lUCH01
_h0044
590 _aBATCH-UPD
_b10
_c20130110
_lUCH01
_h2013
590 _aBATCH-UPD
_b10
_c20130409
_lUCH01
_h2030
590 _aBATCH-UPD
_b10
_c20130410
_lUCH01
_h1332
590 _aBATCH-UPD
_b10
_c20130914
_lUCH01
_h0931
590 _aCONVERSION
_b10
_c20130109
_lUCH01
_h1320
650 1 4 _aCiclo estrual.
_923072
650 1 4 _aGanado porcino
_xAnatomía y fisiología.
_945332
650 1 4 _aHistoquímica.
_955598
901 _aBK
942 _cTESIS
949 _bBC
_cTES
_d-92566
_eTS1
_h18637
_i40516
_si
999 _c35425
_d35425